000 00969nam a22002772 4500
001 12254
003 BD-RjUL
005 20211208235249.0
008 850211s1966 ne af b 001 0 eng d
035 _a(BD-RjUL)12303
040 _aEQC
_cEQC
_dBD-RjUL
_beng
041 _aeng
082 0 0 _a612.1111
_bLEM 1966
096 _aWH 190
100 1 _aLehmann, H.
_q(Hermann),
_d1910-
_938039
245 1 0 _aMan's haemoglobins :
_bincluding the haemoglobinopathies and their investigation /
_cH. Lehmann and R. G. Huntsman ; with a preface by F. G. Young.
260 _aAmsterdam :
_bNorth-Holland Pub. Co.,
_c1966.
300 _axi, 331 p., [2] fold. leaves of plates :
_bill. (some col.) ;
_c23 cm.
500 _aIncludes index.
504 _aBibliography: p. 309-311.
650 2 _aHemoglobins.
_936874
650 2 _aHemoglobinopathies.
_938040
650 2 _aHemoglobins, Abnormal.
_938041
700 1 _aHuntsman, Richard G.
_q(Richard George)
_938042
942 _2ddc
_cBK
999 _c12254
_d12254